00487nam a22001457a 4500999001500000008004100015020001800056082001400074100003300088245012100121260003400242300001900276650003100295942001500326 c4672d4672161122b xxu||||| |||| 00| 0 eng d a9987 612 07 5 a333.7 COM aMwandosya, Mark.- (Editor).- aCompetition Policy and Utility Regulation/cEdited by Mark J. Mwandosya, George F. Mbowe and Peter Young.-hEnglish. aDar Es Salaam:bCEEST,c1997. a192P.;c21CM.- 2Economics of land & energy 2ddccBOOKS